000 00694nam a2200205 a 4500
001 3971
005 20140414131932.0
008 970101s19uu xx 00 eng d
050 _aREF 591
_bC54 1989
245 _aAnimal friends /
_ceditor C. E. Berry.
260 _aHong Kong :
_bTime-Life Books,
_c1983.
300 _a87 p. : ill., col. ; cm.
440 _aA Child's first library of learning
520 _aQuestions and answers present ways pets and more exotic animals eat, play, sleep, and communicate. Includes an activities section.
650 _aAnimals
_xMiscellanea.
650 _aQuestions and answers.
650 _aPets
_x Miscellanea.
999 _c112250
_d112250